| 000 | 00799nam a2200241 u 4500 | ||
|---|---|---|---|
| 005 | 20240228064116.0 | ||
| 008 | 121211s2005 r 000 0 eng d | ||
| 020 | _a9500830043 | ||
| 035 | _aUPN01000189092 | ||
| 049 | _aI | ||
| 050 | 4 |
_aPR2794 S9 _bS5.6 |
|
| 100 | 1 |
_aShakespeare, William, _d1564-1616 |
|
| 245 | 1 | 0 |
_aSueño de una noche de verano / _cWilliam Shakespeare, Benjamin Britten ; il. Irene Singer. |
| 260 |
_aBuenos Aires : _bAtlántida, _c2005. |
||
| 300 |
_a[26] p. : _bil. col. |
||
| 440 | 3 |
_aLa ópera en cuentos. _pA partir de los 8 años |
|
| 650 | 4 |
_aDRAMA INGLES (COMEDIA) _95347 |
|
| 650 | 0 |
_aMúsica y literatura _920119 |
|
| 650 | 4 |
_aLibros y lectura para niños _92290 |
|
| 700 | 1 |
_aBritten, Benjamin, _d1913-1976, _ecoaut. |
|
| 905 | _aInfantil | ||
| 999 |
_c161195 _d161195 |
||